[Event "Deutsche Ländermeisterschaft 2021"]
[Site "Neumünster GER"]
[Date "2021.10.02"]
[Round "1"]
[White "Farokhi, Keyvan"]
[Black "Costa, Leonardo"]
[Result "0-1"]
[Termination "normal"]
[Board "1.1"]
[BlackTitle "FM"]
[WhiteElo "2238"]
[BlackElo "2336"]
[WhiteClock "00:22:56"]
[BlackClock "00:19:30"]
[WhiteTeam "Schleswig-Holstein"]
[BlackTeam "Bayern"]
[PlyCount "96"]
[WhiteFideId "12998630"]
[BlackFideId "16213955"]
[EventCountry "GER"]
[EventRounds "7"]
[EventType "team-swiss"]
[EventDate "2021.10.01"]

1. d4 {[%clk 1:30:50]} d5 {[%clk 1:30:55]} 2. c4 {[%clk 1:31:08]} e6 {[%clk
1:31:21]} 3. Nf3 {[%clk 1:31:27]} Nf6 {[%clk 1:31:44]} 4. g3 {[%clk 1:31:48]}
Be7 {[%clk 1:32:01]} 5. Bg2 {[%clk 1:31:59]} O-O {[%clk 1:32:26]} 6. O-O {[%clk
1:32:20]} dxc4 {[%clk 1:32:13]} 7. Qc2 {[%clk 1:32:44]} a6 {[%clk 1:32:39]} 8.
a4 {[%clk 1:33:09]} Bd7 {[%clk 1:30:35]} 9. Ne5 {[%clk 1:32:28]} Bc6 {[%clk
1:22:29]} 10. Nxc6 {[%clk 1:32:35]} Nxc6 {[%clk 1:22:54]} 11. e3 {[%clk
1:32:56]} Na5 {[%clk 1:22:42]} 12. Nd2 {[%clk 1:33:16]} c5 {[%clk 1:20:54]} 13.
dxc5 {[%clk 1:32:17]} Rc8 {[%clk 1:21:07]} 14. b4 {[%clk 1:18:31]} cxb3 {[%clk
1:21:23]} 15. Nxb3 {[%clk 1:18:48]} Nxb3 {[%clk 1:02:53]} 16. Qxb3 {[%clk
1:19:10]} Bxc5 {[%clk 1:03:04]} 17. Qxb7 {[%clk 1:18:37]} a5 {[%clk 1:02:03]}
18. Ba3 {[%clk 1:09:29]} Bxa3 {[%clk 0:56:47]} 19. Rxa3 {[%clk 1:09:54]} Qd2
{[%clk 0:54:48]} 20. Raa1 {[%clk 0:56:34]} Rc2 {[%clk 0:48:56]} 21. Rad1 {[%clk
0:52:08]} Qc3 {[%clk 0:46:03]} 22. Qb5 {[%clk 0:47:09]} g6 {[%clk 0:42:09]} 23.
Rd3 {[%clk 0:43:58]} Qc7 {[%clk 0:42:34]} 24. Rfd1 {[%clk 0:41:48]} Kg7 {[%clk
0:32:29]} 25. e4 {[%clk 0:21:41]} Rb8 {[%clk 0:26:21]} 26. Qg5 {[%clk 0:20:53]}
h6 {[%clk 0:26:24]} 27. Qe3 {[%clk 0:17:02]} Ng4 {[%clk 0:23:10]} 28. Qd4+
{[%clk 0:16:37]} e5 {[%clk 0:23:36]} 29. Qd7 {[%clk 0:17:05]} Qxd7 {[%clk
0:23:27]} 30. Rxd7 {[%clk 0:17:33]} Rbb2 {[%clk 0:23:33]} 31. Rf1 {[%clk
0:16:57]} Ne3 {[%clk 0:23:38]} 32. Re1 {[%clk 0:16:52]} Nxg2 {[%clk 0:21:54]}
33. Kxg2 {[%clk 0:17:09]} Rxf2+ {[%clk 0:22:20]} 34. Kg1 {[%clk 0:17:11]} Rg2+
{[%clk 0:22:44]} 35. Kh1 {[%clk 0:17:38]} Rxh2+ {[%clk 0:23:08]} 36. Kg1 {[%clk
0:18:05]} Rbg2+ {[%clk 0:18:42]} 37. Kf1 {[%clk 0:18:34]} Rf2+ {[%clk 0:19:06]}
38. Kg1 {[%clk 0:18:53]} Rhg2+ {[%clk 0:19:34]} 39. Kh1 {[%clk 0:19:21]} Rxg3
{[%clk 0:19:35]} 40. Rd5 {[%clk 0:19:35]} Rf4 {[%clk 0:18:53]} 41. Kh2 {[%clk
0:20:03]} Rg5 {[%clk 0:19:16]} 42. Re3 {[%clk 0:20:28]} Rh4+ {[%clk 0:19:33]}
43. Rh3 {[%clk 0:20:56]} Rxe4 {[%clk 0:19:56]} 44. Rxa5 {[%clk 0:21:20]} Re2+
{[%clk 0:18:55]} 45. Kh1 {[%clk 0:21:48]} Re1+ {[%clk 0:18:28]} 46. Kh2 {[%clk
0:22:16]} Reg1 {[%clk 0:18:47]} 47. Re3 {[%clk 0:22:33]} R5g2+ {[%clk 0:19:10]}
48. Kh3 {[%clk 0:22:56]} g5 {[%clk 0:19:30]} 0-1

[Event "Deutsche Ländermeisterschaft 2021"]
[Site "Neumünster GER"]
[Date "2021.10.02"]
[Round "1"]
[White "Vuckovic, Zarko"]
[Black "Bornholdt, Joa Max"]
[Result "1/2-1/2"]
[Termination "normal"]
[Board "1.2"]
[WhiteElo "2272"]
[BlackElo "1956"]
[WhiteClock "00:10:50"]
[BlackClock "00:09:24"]
[WhiteTeam "Bayern"]
[BlackTeam "Schleswig-Holstein"]
[PlyCount "117"]
[WhiteFideId "12952087"]
[BlackFideId "16253477"]
[EventCountry "GER"]
[EventRounds "7"]
[EventType "team-swiss"]
[EventDate "2021.10.01"]

1. e4 {[%clk 1:30:58]} e5 {[%clk 1:30:44]} 2. Nf3 {[%clk 1:31:23]} Nc6 {[%clk
1:31:09]} 3. Bc4 {[%clk 1:31:49]} Nf6 {[%clk 1:31:27]} 4. d3 {[%clk 1:32:05]}
Bc5 {[%clk 1:31:35]} 5. O-O {[%clk 1:32:27]} O-O {[%clk 1:31:41]} 6. Bg5 {[%clk
1:32:53]} h6 {[%clk 1:30:16]} 7. Bh4 {[%clk 1:33:10]} g5 {[%clk 1:25:36]} 8.
Bg3 {[%clk 1:33:09]} d6 {[%clk 1:25:45]} 9. c3 {[%clk 1:32:44]} Bg4 {[%clk
1:23:09]} 10. b4 {[%clk 1:29:25]} Bb6 {[%clk 1:22:36]} 11. Nbd2 {[%clk
1:29:04]} Nh5 {[%clk 1:17:24]} 12. a4 {[%clk 1:27:07]} a5 {[%clk 1:14:14]} 13.
b5 {[%clk 1:27:28]} Ne7 {[%clk 1:14:38]} 14. Qb3 {[%clk 1:21:47]} Ng6 {[%clk
1:04:31]} 15. d4 {[%clk 1:16:35]} Qf6 {[%clk 1:01:54]} 16. Be2 {[%clk 1:10:47]}
Nhf4 {[%clk 0:57:09]} 17. Bd1 {[%clk 1:05:29]} exd4 {[%clk 0:51:40]} 18. cxd4
{[%clk 1:04:15]} Bxd4 {[%clk 0:50:01]} 19. Rc1 {[%clk 1:04:35]} Bb6 {[%clk
0:46:32]} 20. Nc4 {[%clk 1:02:55]} Be6 {[%clk 0:44:45]} 21. Qc2 {[%clk
1:01:33]} Bxc4 {[%clk 0:41:20]} 22. Qxc4 {[%clk 1:01:21]} Rfe8 {[%clk 0:38:19]}
23. Qc2 {[%clk 0:51:40]} Re7 {[%clk 0:33:58]} 24. Nd2 {[%clk 0:45:32]} Ne5
{[%clk 0:34:05]} 25. Rb1 {[%clk 0:39:55]} Kh8 {[%clk 0:30:19]} 26. Rb3 {[%clk
0:34:45]} Rg8 {[%clk 0:28:52]} 27. Re1 {[%clk 0:30:17]} h5 {[%clk 0:16:58]} 28.
Bxf4 {[%clk 0:27:05]} Qxf4 {[%clk 0:16:19]} 29. Nf1 {[%clk 0:27:20]} h4 {[%clk
0:06:16]} 30. Ne3 {[%clk 0:25:33]} Bxe3 {[%clk 0:06:43]} 31. Rbxe3 {[%clk
0:25:55]} g4 {[%clk 0:05:07]} 32. Qc3 {[%clk 0:20:38]} f6 {[%clk 0:05:00]} 33.
Be2 {[%clk 0:11:43]} Reg7 {[%clk 0:04:00]} 34. Kh1 {[%clk 0:11:41]} Rh7 {[%clk
0:01:15]} 35. Qc1 {[%clk 0:11:06]} Rgg7 {[%clk 0:01:06]} 36. Rf1 {[%clk
0:10:14]} Qg5 {[%clk 0:00:53]} 37. Rc3 {[%clk 0:10:10]} Qxc1 {[%clk 0:00:39]}
38. Rfxc1 {[%clk 0:10:35]} c6 {[%clk 0:00:36]} 39. Rd1 {[%clk 0:10:25]} Rd7
{[%clk 0:00:56]} 40. h3 {[%clk 0:07:04]} Rhg7 {[%clk 0:00:38]} 41. hxg4 {[%clk
0:06:39]} d5 {[%clk 0:26:20]} 42. bxc6 {[%clk 0:33:19]} bxc6 {[%clk 0:26:42]}
43. exd5 {[%clk 0:31:00]} Rxd5 {[%clk 0:25:00]} 44. Rxd5 {[%clk 0:27:43]} cxd5
{[%clk 0:25:24]} 45. Kg1 {[%clk 0:25:01]} d4 {[%clk 0:23:14]} 46. Rh3 {[%clk
0:23:33]} d3 {[%clk 0:22:16]} 47. Bd1 {[%clk 0:22:37]} Rb7 {[%clk 0:20:29]} 48.
Kf1 {[%clk 0:22:40]} Rb1 {[%clk 0:18:36]} 49. Ke1 {[%clk 0:23:03]} Kg7 {[%clk
0:18:12]} 50. f4 {[%clk 0:16:21]} Nxg4 {[%clk 0:18:04]} 51. Rxd3 {[%clk
0:16:17]} Kg6 {[%clk 0:17:19]} 52. Ke2 {[%clk 0:15:05]} Rb2+ {[%clk 0:16:35]}
53. Kf3 {[%clk 0:14:22]} f5 {[%clk 0:11:41]} 54. Be2 {[%clk 0:14:39]} Ra2
{[%clk 0:11:06]} 55. Rd4 {[%clk 0:09:53]} Kf6 {[%clk 0:10:06]} 56. Rd6+ {[%clk
0:10:15]} Ke7 {[%clk 0:10:07]} 57. Rd4 {[%clk 0:10:29]} Kf6 {[%clk 0:09:16]}
58. Rd6+ {[%clk 0:10:45]} Ke7 {[%clk 0:09:24]} 59. Rd4 {[%clk 0:10:50]} 1/2-1/2

[Event "Deutsche Ländermeisterschaft 2021"]
[Site "Neumünster GER"]
[Date "2021.10.02"]
[Round "1"]
[White "Bosselmann, Tom Linus"]
[Black "Kolb, Tobias"]
[Result "0-1"]
[Termination "normal"]
[Board "1.3"]
[BlackTitle "FM"]
[WhiteElo "2064"]
[BlackElo "2311"]
[WhiteClock "00:10:09"]
[BlackClock "00:13:05"]
[WhiteTeam "Schleswig-Holstein"]
[BlackTeam "Bayern"]
[PlyCount "104"]
[WhiteFideId "12983845"]
[BlackFideId "12992321"]
[EventCountry "GER"]
[EventRounds "7"]
[EventType "team-swiss"]
[EventDate "2021.10.01"]

1. e4 {[%clk 1:30:54]} c6 {[%clk 1:30:56]} 2. Nc3 {[%clk 1:31:19]} d5 {[%clk
1:31:23]} 3. Nf3 {[%clk 1:31:41]} dxe4 {[%clk 1:31:49]} 4. Nxe4 {[%clk
1:31:59]} Nf6 {[%clk 1:32:15]} 5. Nxf6+ {[%clk 1:27:37]} exf6 {[%clk 1:32:28]}
6. d4 {[%clk 1:26:46]} Bd6 {[%clk 1:32:54]} 7. Be3 {[%clk 1:25:56]} O-O {[%clk
1:26:18]} 8. Qd2 {[%clk 1:22:40]} Na6 {[%clk 1:23:06]} 9. Be2 {[%clk 1:09:18]}
Re8 {[%clk 1:17:46]} 10. O-O {[%clk 1:07:43]} Nc7 {[%clk 1:16:43]} 11. c4
{[%clk 1:06:21]} Ne6 {[%clk 0:55:12]} 12. Bd3 {[%clk 0:58:29]} Qc7 {[%clk
0:53:33]} 13. Rfe1 {[%clk 0:55:57]} Bd7 {[%clk 0:49:32]} 14. g3 {[%clk
0:48:54]} c5 {[%clk 0:44:22]} 15. d5 {[%clk 0:48:15]} Nf8 {[%clk 0:44:33]} 16.
Qc2 {[%clk 0:48:04]} Bg4 {[%clk 0:32:57]} 17. Nd2 {[%clk 0:37:43]} Bh5 {[%clk
0:28:46]} 18. Ne4 {[%clk 0:31:52]} Bg6 {[%clk 0:29:04]} 19. f4 {[%clk 0:28:17]}
Bxe4 {[%clk 0:20:41]} 20. Bxe4 {[%clk 0:28:34]} g6 {[%clk 0:20:46]} 21. Bd2
{[%clk 0:26:21]} Nd7 {[%clk 0:20:53]} 22. Bc3 {[%clk 0:23:24]} Bf8 {[%clk
0:20:17]} 23. Rad1 {[%clk 0:20:31]} Qd6 {[%clk 0:20:12]} 24. Bf3 {[%clk
0:19:51]} Bg7 {[%clk 0:18:15]} 25. Kf2 {[%clk 0:19:12]} f5 {[%clk 0:17:49]} 26.
Bxg7 {[%clk 0:17:51]} Kxg7 {[%clk 0:18:16]} 27. Qc3+ {[%clk 0:18:15]} Qf6
{[%clk 0:10:37]} 28. Qxf6+ {[%clk 0:18:24]} Kxf6 {[%clk 0:09:56]} 29. b3 {[%clk
0:15:53]} Rad8 {[%clk 0:06:53]} 30. a3 {[%clk 0:13:46]} a5 {[%clk 0:06:43]} 31.
h3 {[%clk 0:09:23]} Rxe1 {[%clk 0:05:51]} 32. Rxe1 {[%clk 0:09:43]} h5 {[%clk
0:03:02]} 33. Rb1 {[%clk 0:09:31]} Nb6 {[%clk 0:03:15]} 34. Be2 {[%clk
0:09:32]} Re8 {[%clk 0:01:33]} 35. Bd3 {[%clk 0:09:54]} Rc8 {[%clk 0:01:17]}
36. Kf3 {[%clk 0:09:40]} Rc7 {[%clk 0:01:22]} 37. g4 {[%clk 0:07:06]} hxg4+
{[%clk 0:01:50]} 38. hxg4 {[%clk 0:07:30]} fxg4+ {[%clk 0:02:17]} 39. Kxg4
{[%clk 0:07:48]} Nc8 {[%clk 0:02:19]} 40. Rh1 {[%clk 0:07:44]} Nd6 {[%clk
0:02:36]} 41. Rh8 {[%clk 0:07:48]} Rc8 {[%clk 0:02:58]} 42. Rh1 {[%clk
0:05:03]} a4 {[%clk 0:23:03]} 43. Rb1 {[%clk 0:34:06]} axb3 {[%clk 0:23:19]}
44. Rxb3 {[%clk 0:34:34]} Rh8 {[%clk 0:21:21]} 45. Kg3 {[%clk 0:21:50]} b5
{[%clk 0:20:15]} 46. Be2 {[%clk 0:15:44]} bxc4 {[%clk 0:19:46]} 47. Rb6 {[%clk
0:15:54]} Ke7 {[%clk 0:19:52]} 48. Rc6 {[%clk 0:16:17]} Nf5+ {[%clk 0:16:11]}
49. Kg4 {[%clk 0:10:34]} Nd4 {[%clk 0:11:49]} 50. Rxc5 {[%clk 0:10:10]} Nxe2
{[%clk 0:12:15]} 51. Rxc4 {[%clk 0:10:29]} Kd6 {[%clk 0:12:42]} 52. Rc2 {[%clk
0:10:09]} Nd4 {[%clk 0:13:05]} 0-1

[Event "Deutsche Ländermeisterschaft 2021"]
[Site "Neumünster GER"]
[Date "2021.10.02"]
[Round "1"]
[White "Butenandt, Svenja"]
[Black "Falke, Ornella"]
[Result "1-0"]
[Termination "normal"]
[Board "1.4"]
[WhiteElo "2009"]
[BlackElo "1655"]
[WhiteClock "00:32:32"]
[BlackClock "00:28:20"]
[WhiteTeam "Bayern"]
[BlackTeam "Schleswig-Holstein"]
[PlyCount "85"]
[WhiteFideId "12993859"]
[BlackFideId "16207092"]
[EventCountry "GER"]
[EventRounds "7"]
[EventType "team-swiss"]
[EventDate "2021.10.01"]

1. d4 {[%clk 1:30:58]} d5 {[%clk 1:30:49]} 2. c4 {[%clk 1:31:23]} e6 {[%clk
1:31:08]} 3. Nc3 {[%clk 1:31:47]} Nf6 {[%clk 1:31:26]} 4. cxd5 {[%clk 1:32:12]}
exd5 {[%clk 1:31:41]} 5. Bg5 {[%clk 1:32:33]} c6 {[%clk 1:31:55]} 6. e3 {[%clk
1:32:55]} Bd6 {[%clk 1:31:58]} 7. Bd3 {[%clk 1:33:00]} O-O {[%clk 1:32:04]} 8.
Qc2 {[%clk 1:30:40]} h6 {[%clk 1:31:41]} 9. Bh4 {[%clk 1:30:28]} Re8 {[%clk
1:30:44]} 10. Nge2 {[%clk 1:24:23]} a5 {[%clk 1:30:09]} 11. a3 {[%clk 1:17:50]}
Na6 {[%clk 1:29:15]} 12. Nd1 {[%clk 1:12:05]} Nc7 {[%clk 1:18:32]} 13. f3
{[%clk 1:09:57]} Ne6 {[%clk 1:05:22]} 14. e4 {[%clk 1:01:31]} dxe4 {[%clk
1:02:39]} 15. fxe4 {[%clk 1:01:51]} Be7 {[%clk 1:02:01]} 16. Bf2 {[%clk
0:52:45]} Ng4 {[%clk 0:35:49]} 17. Qc3 {[%clk 0:47:14]} c5 {[%clk 0:27:09]} 18.
d5 {[%clk 0:45:09]} Bf6 {[%clk 0:27:24]} 19. Qc2 {[%clk 0:38:17]} Nxf2 {[%clk
0:27:16]} 20. Nxf2 {[%clk 0:38:42]} Nd4 {[%clk 0:27:25]} 21. Nxd4 {[%clk
0:38:01]} Bxd4 {[%clk 0:27:27]} 22. O-O {[%clk 0:32:04]} Bd7 {[%clk 0:26:33]}
23. Kh1 {[%clk 0:31:48]} b5 {[%clk 0:21:09]} 24. a4 {[%clk 0:27:01]} bxa4
{[%clk 0:20:40]} 25. Bc4 {[%clk 0:25:47]} Qb6 {[%clk 0:19:14]} 26. Rab1 {[%clk
0:24:52]} Re7 {[%clk 0:19:13]} 27. Nd1 {[%clk 0:21:55]} Rae8 {[%clk 0:18:13]}
28. Nc3 {[%clk 0:17:11]} Qg6 {[%clk 0:15:18]} 29. Bd3 {[%clk 0:14:19]} Qh5
{[%clk 0:08:28]} 30. Ne2 {[%clk 0:09:00]} Be5 {[%clk 0:08:27]} 31. Nf4 {[%clk
0:08:26]} Qg4 {[%clk 0:07:28]} 32. g3 {[%clk 0:08:03]} g5 {[%clk 0:05:43]} 33.
Be2 {[%clk 0:07:47]} gxf4 {[%clk 0:04:06]} 34. Bxg4 {[%clk 0:08:12]} Bxg4
{[%clk 0:03:27]} 35. gxf4 {[%clk 0:08:27]} Bd4 {[%clk 0:03:42]} 36. Qg2 {[%clk
0:06:58]} f5 {[%clk 0:02:18]} 37. e5 {[%clk 0:06:38]} Rg7 {[%clk 0:02:23]} 38.
d6 {[%clk 0:05:23]} Rb8 {[%clk 0:02:04]} 39. Qd5+ {[%clk 0:05:18]} Kh7 {[%clk
0:02:07]} 40. d7 {[%clk 0:05:00]} Rgg8 {[%clk 0:01:57]} 41. e6 {[%clk 0:03:23]}
Bh3 {[%clk 0:00:34]} 42. e7 {[%clk 0:02:44]} Bxf1 {[%clk 0:28:20]} 43. Rxf1
{[%clk 0:32:32]} 1-0

[Event "Deutsche Ländermeisterschaft 2021"]
[Site "Neumünster GER"]
[Date "2021.10.02"]
[Round "1"]
[White "Malinowsky, Levi"]
[Black "Arnhold, Steffi"]
[Result "1/2-1/2"]
[Termination "normal"]
[Board "1.5"]
[WhiteElo "1775"]
[BlackElo "2094"]
[WhiteClock "00:25:22"]
[BlackClock "00:14:06"]
[WhiteTeam "Schleswig-Holstein"]
[BlackTeam "Bayern"]
[PlyCount "110"]
[WhiteFideId "16253094"]
[BlackFideId "12931365"]
[EventCountry "GER"]
[EventRounds "7"]
[EventType "team-swiss"]
[EventDate "2021.10.01"]

1. e4 {[%clk 1:30:53]} c5 {[%clk 1:30:52]} 2. d3 {[%clk 1:30:50]} Nc6 {[%clk
1:30:51]} 3. f4 {[%clk 1:30:28]} d6 {[%clk 1:30:48]} 4. Be2 {[%clk 1:30:05]} g6
{[%clk 1:30:11]} 5. Nf3 {[%clk 1:29:37]} Bg7 {[%clk 1:30:23]} 6. c3 {[%clk
1:28:53]} e6 {[%clk 1:27:48]} 7. Be3 {[%clk 1:27:37]} Nge7 {[%clk 1:26:22]} 8.
O-O {[%clk 1:26:14]} O-O {[%clk 1:26:39]} 9. Nbd2 {[%clk 1:22:46]} b6 {[%clk
1:16:31]} 10. a4 {[%clk 1:14:07]} d5 {[%clk 1:07:57]} 11. Qc2 {[%clk 1:09:12]}
Ba6 {[%clk 0:59:01]} 12. Nb3 {[%clk 1:04:09]} Rc8 {[%clk 0:55:01]} 13. Rfd1
{[%clk 0:59:12]} d4 {[%clk 0:45:30]} 14. Bf2 {[%clk 0:55:57]} Bb7 {[%clk
0:39:51]} 15. cxd4 {[%clk 0:51:18]} cxd4 {[%clk 0:37:14]} 16. Qd2 {[%clk
0:47:12]} a5 {[%clk 0:30:54]} 17. Kh1 {[%clk 0:38:54]} Qd7 {[%clk 0:28:18]} 18.
Rg1 {[%clk 0:33:48]} Kh8 {[%clk 0:23:17]} 19. h3 {[%clk 0:25:04]} Rfd8 {[%clk
0:20:30]} 20. Kh2 {[%clk 0:23:29]} e5 {[%clk 0:17:07]} 21. fxe5 {[%clk
0:21:12]} Qe6 {[%clk 0:16:35]} 22. Bd1 {[%clk 0:19:15]} Nxe5 {[%clk 0:13:59]}
23. Ng5 {[%clk 0:18:03]} Qd6 {[%clk 0:12:38]} 24. Bg3 {[%clk 0:16:07]} Rf8
{[%clk 0:12:02]} 25. Rf1 {[%clk 0:15:05]} f6 {[%clk 0:11:59]} 26. Nf3 {[%clk
0:13:53]} N7c6 {[%clk 0:11:47]} 27. Nc1 {[%clk 0:10:55]} Ba6 {[%clk 0:11:19]}
28. Nxe5 {[%clk 0:09:35]} fxe5 {[%clk 0:11:24]} 29. Rxf8+ {[%clk 0:09:12]} Rxf8
{[%clk 0:11:49]} 30. Na2 {[%clk 0:08:01]} Rc8 {[%clk 0:07:10]} 31. Rc1 {[%clk
0:07:22]} Rc7 {[%clk 0:05:49]} 32. Bb3 {[%clk 0:06:42]} Bc8 {[%clk 0:04:38]}
33. Bd5 {[%clk 0:06:01]} Be6 {[%clk 0:04:48]} 34. Bxe6 {[%clk 0:05:46]} Qxe6
{[%clk 0:05:13]} 35. b4 {[%clk 0:05:43]} Rc8 {[%clk 0:05:12]} 36. bxa5 {[%clk
0:05:15]} bxa5 {[%clk 0:05:11]} 37. Qb2 {[%clk 0:03:31]} h5 {[%clk 0:04:17]}
38. Rc4 {[%clk 0:02:53]} Ne7 {[%clk 0:02:43]} 39. Rxc8+ {[%clk 0:02:32]} Nxc8
{[%clk 0:02:35]} 40. Be1 {[%clk 0:01:39]} Qb6 {[%clk 0:00:35]} 41. Qxb6 {[%clk
0:01:16]} Nxb6 {[%clk 0:01:00]} 42. Bxa5 {[%clk 0:01:08]} Nxa4 {[%clk 0:01:15]}
43. Nb4 {[%clk 0:29:06]} Kg8 {[%clk 0:31:13]} 44. Kg3 {[%clk 0:29:20]} Kf7
{[%clk 0:31:16]} 45. Kf3 {[%clk 0:29:03]} Ke6 {[%clk 0:29:21]} 46. Nd5 {[%clk
0:27:58]} Bf8 {[%clk 0:28:06]} 47. Bb4 {[%clk 0:27:42]} Bxb4 {[%clk 0:27:07]}
48. Nxb4 {[%clk 0:28:02]} Kd6 {[%clk 0:21:32]} 49. Ke2 {[%clk 0:27:03]} Nc5
{[%clk 0:17:51]} 50. Nd5 {[%clk 0:26:49]} Ne6 {[%clk 0:16:24]} 51. h4 {[%clk
0:25:21]} Nc5 {[%clk 0:15:21]} 52. g3 {[%clk 0:25:01]} Ke6 {[%clk 0:13:26]} 53.
Nc7+ {[%clk 0:24:45]} Kd6 {[%clk 0:13:30]} 54. Nd5 {[%clk 0:25:09]} Ke6 {[%clk
0:13:48]} 55. Nc7+ {[%clk 0:25:22]} Kd6 {[%clk 0:14:06]} 1/2-1/2

[Event "Deutsche Ländermeisterschaft 2021"]
[Site "Neumünster GER"]
[Date "2021.10.02"]
[Round "1"]
[White "Albert, Markus"]
[Black "Bräutigam, Katerina"]
[Result "1-0"]
[Termination "normal"]
[Board "1.6"]
[WhiteElo "1938"]
[BlackElo "1734"]
[WhiteClock "00:23:58"]
[BlackClock "00:00:32"]
[WhiteTeam "Bayern"]
[BlackTeam "Schleswig-Holstein"]
[PlyCount "37"]
[WhiteFideId "16292626"]
[BlackFideId "16242980"]
[EventCountry "GER"]
[EventRounds "7"]
[EventType "team-swiss"]
[EventDate "2021.10.01"]

1. Nc3 {[%clk 1:30:42]} Nf6 {[%clk 1:30:32]} 2. e4 {[%clk 1:30:30]} c6 {[%clk
1:29:33]} 3. d4 {[%clk 1:20:41]} d5 {[%clk 1:28:15]} 4. e5 {[%clk 1:20:53]}
Nfd7 {[%clk 1:21:39]} 5. f4 {[%clk 1:19:52]} e6 {[%clk 1:19:31]} 6. Nce2 {[%clk
1:16:54]} c5 {[%clk 1:17:05]} 7. c3 {[%clk 1:14:26]} Nc6 {[%clk 1:14:58]} 8.
Nf3 {[%clk 1:13:15]} b5 {[%clk 0:55:17]} 9. Ng3 {[%clk 1:02:35]} c4 {[%clk
0:47:08]} 10. Be2 {[%clk 0:53:38]} g6 {[%clk 0:39:08]} 11. h4 {[%clk 0:43:19]}
h5 {[%clk 0:37:12]} 12. Ng5 {[%clk 0:41:43]} Bb7 {[%clk 0:01:38]} 13. Nxh5
{[%clk 0:30:58]} Qe7 {[%clk 0:00:50]} 14. Ng3 {[%clk 0:28:54]} O-O-O {[%clk
0:00:51]} 15. Be3 {[%clk 0:26:18]} Nb6 {[%clk 0:00:39]} 16. h5 {[%clk 0:24:27]}
Rh6 {[%clk 0:00:31]} 17. hxg6 {[%clk 0:23:44]} Rxg6 {[%clk 0:00:38]} 18. f5
{[%clk 0:23:36]} Rg7 {[%clk 0:00:32]} 19. f6 {[%clk 0:23:58]} 1-0

[Event "Deutsche Ländermeisterschaft 2021"]
[Site "Neumünster GER"]
[Date "2021.10.02"]
[Round "1"]
[White "Bräutigam, Alexander"]
[Black "Huber, Benedikt"]
[Result "1/2-1/2"]
[Termination "normal"]
[Board "1.7"]
[WhiteElo "1631"]
[BlackElo "1722"]
[WhiteClock "01:14:19"]
[BlackClock "00:10:09"]
[WhiteTeam "Schleswig-Holstein"]
[BlackTeam "Bayern"]
[PlyCount "118"]
[WhiteFideId "16245210"]
[BlackFideId "16281225"]
[EventCountry "GER"]
[EventRounds "7"]
[EventType "team-swiss"]
[EventDate "2021.10.01"]

1. c4 {[%clk 1:30:57]} e5 {[%clk 1:30:48]} 2. Nc3 {[%clk 1:31:19]} Nc6 {[%clk
1:31:10]} 3. g3 {[%clk 1:31:41]} Bc5 {[%clk 1:31:31]} 4. Bg2 {[%clk 1:31:31]}
d6 {[%clk 1:31:31]} 5. d3 {[%clk 1:31:42]} a6 {[%clk 1:31:46]} 6. Nf3 {[%clk
1:31:35]} Nge7 {[%clk 1:27:31]} 7. a3 {[%clk 1:30:54]} O-O {[%clk 1:22:42]} 8.
b4 {[%clk 1:30:12]} Ba7 {[%clk 1:22:40]} 9. O-O {[%clk 1:30:09]} f5 {[%clk
1:14:35]} 10. Rb1 {[%clk 1:26:19]} Nd4 {[%clk 1:09:06]} 11. Nxd4 {[%clk
1:23:24]} Bxd4 {[%clk 1:09:29]} 12. Nd5 {[%clk 1:23:30]} c6 {[%clk 1:04:18]}
13. Nxe7+ {[%clk 1:23:09]} Qxe7 {[%clk 1:04:43]} 14. e3 {[%clk 1:23:23]} Ba7
{[%clk 1:04:56]} 15. Bd2 {[%clk 1:23:05]} Kh8 {[%clk 0:52:50]} 16. b5 {[%clk
1:21:44]} axb5 {[%clk 0:46:00]} 17. cxb5 {[%clk 1:21:38]} d5 {[%clk 0:44:15]}
18. b6 {[%clk 1:15:14]} Bb8 {[%clk 0:43:29]} 19. a4 {[%clk 1:15:09]} Bd6 {[%clk
0:42:21]} 20. Qb3 {[%clk 1:14:02]} Be6 {[%clk 0:23:06]} 21. d4 {[%clk 1:12:50]}
e4 {[%clk 0:19:31]} 22. Bb4 {[%clk 1:12:07]} g5 {[%clk 0:13:51]} 23. Bxd6
{[%clk 1:10:53]} Qxd6 {[%clk 0:14:16]} 24. Qb4 {[%clk 1:11:13]} Qxb4 {[%clk
0:13:51]} 25. Rxb4 {[%clk 1:11:35]} f4 {[%clk 0:14:06]} 26. Ra1 {[%clk
1:11:09]} Ra5 {[%clk 0:12:36]} 27. Bf1 {[%clk 1:10:07]} fxe3 {[%clk 0:12:05]}
28. fxe3 {[%clk 1:10:00]} Rfa8 {[%clk 0:12:23]} 29. Be2 {[%clk 1:09:31]} Kg7
{[%clk 0:09:21]} 30. Kg2 {[%clk 1:08:43]} g4 {[%clk 0:09:35]} 31. Kf2 {[%clk
1:07:35]} Kf6 {[%clk 0:09:01]} 32. Ke1 {[%clk 1:07:38]} Ke7 {[%clk 0:09:11]}
33. Kd2 {[%clk 1:07:33]} Bd7 {[%clk 0:09:21]} 34. Bd1 {[%clk 1:06:38]} Kd6
{[%clk 0:09:21]} 35. Rc1 {[%clk 1:05:14]} h5 {[%clk 0:07:21]} 36. Bb3 {[%clk
1:04:42]} c5 {[%clk 0:05:46]} 37. dxc5+ {[%clk 1:04:40]} Rxc5 {[%clk 0:06:09]}
38. Rd4 {[%clk 0:55:34]} Rac8 {[%clk 0:01:35]} 39. Rxc5 {[%clk 0:51:11]} Rxc5
{[%clk 0:02:00]} 40. Bc2 {[%clk 0:49:48]} Kc6 {[%clk 0:01:23]} 41. Rb4 {[%clk
0:49:58]} Ra5 {[%clk 0:00:37]} 42. Bb3 {[%clk 0:49:44]} Kc5 {[%clk 0:30:19]}
43. Kc3 {[%clk 1:17:43]} Bc6 {[%clk 0:28:46]} 44. Bd1 {[%clk 1:15:31]} Ra6
{[%clk 0:26:38]} 45. Bb3 {[%clk 1:15:23]} Rxb6 {[%clk 0:24:14]} 46. Rxb6 {[%clk
1:15:43]} Kxb6 {[%clk 0:24:42]} 47. Kb4 {[%clk 1:15:43]} Ka6 {[%clk 0:21:22]}
48. Ba2 {[%clk 1:15:55]} b6 {[%clk 0:17:55]} 49. Bb3 {[%clk 1:15:18]} Kb7
{[%clk 0:17:28]} 50. Kc3 {[%clk 1:14:16]} Kc7 {[%clk 0:14:48]} 51. Kd4 {[%clk
1:14:14]} Kd6 {[%clk 0:15:13]} 52. Bc2 {[%clk 1:14:29]} Bb7 {[%clk 0:12:59]}
53. Bb3 {[%clk 1:14:29]} Ke6 {[%clk 0:11:24]} 54. Ba2 {[%clk 1:14:32]} Ba8
{[%clk 0:11:17]} 55. Bb3 {[%clk 1:14:40]} Bc6 {[%clk 0:11:39]} 56. Bc2 {[%clk
1:15:03]} Kd6 {[%clk 0:11:05]} 57. Bb3 {[%clk 1:13:53]} Bb7 {[%clk 0:10:29]}
58. Ba2 {[%clk 1:14:09]} Ba8 {[%clk 0:10:15]} 59. Bb3 {[%clk 1:14:19]} Bc6
{[%clk 0:10:09]} 1/2-1/2